| 000 | 00640nam a2200205 a 4500 | ||
|---|---|---|---|
| 005 | 20210219160128.0 | ||
| 008 | 080809s1988 mx r 000 0 spa d | ||
| 035 | _aUPN01000159158 | ||
| 049 | _aUNE | ||
| 080 | _a312 (536.8) =20 CAS No.15. | ||
| 245 | 0 | 0 |
_aCase studies in population policy : _bKuwait. |
| 260 |
_aNew York : _bUnited Nations, _c1988. |
||
| 300 |
_a59 p. : _bfot. |
||
| 440 | 0 |
_aPopulation policy paper ; _v15 |
|
| 690 | _aDemografia - Kuwait | ||
| 690 | _aPoblacion - Kuwait | ||
| 690 | _aKuwait - Politica demografica | ||
| 710 | 2 |
_aONU. _bDepartment of International Economic and Social Affairs. |
|
| 905 | _aUNESCO | ||
| 999 |
_c131272 _d131272 |
||